Sports Quiz

Random Sports Quiz
Score 0/25 Timer 04:00
6 Plays Today
# Athlete % Correct
17Tiger Woods
94.2%
3Larry Bird
91.6%
13Kobe Bryant
91.4%
18Shaquille O'Neal
88.7%
24Peyton Manning
87.8%
4Serena Williams
87%
22LeBron James
85.1%
2Brett Favre
81.6%
20Sammy Sosa
78.1%
9Yao Ming
77%
8Albert Pujols
75.5%
10Sidney Crosby
73.3%
1Ichiro Suzuki
71.7%
# Athlete % Correct
16Ken Griffey Jr.
68.8%
5Prince Fielder
64.3%
6Troy Polamalu
62.6%
21Pete Sampras
61.8%
7Richard Petty
56.4%
15Landon Donovan
53.3%
19Michael Strahan
53%
14Joe Montana
52.3%
12Mike Schmidt
49.6%
11Mark Messier
47.6%
25Dennis Eckersley
46.1%
23Pete Weber
14.9%
Come Together.
Have Fun.
All Virtual.
We all need to come together. Play Sporcle's virtual live trivia to have fun, connect with people, and get your trivia on. Join a live hosted trivia game for your favorite pub trivia experience done virtually. If a virtual private party is more your thing, go here for details.

You're not logged in!

Compare scores with friends on all Sporcle quizzes.
OR
Log In

Sporcle TV

Today on Sporcle TV


Watch our educational content, quiz creation guides, and fun videos on Sporcle TV.

Show Comments

Extras

Top Quizzes Today


Score Distribution

Paid Content

Your Account Isn't Verified!

In order to create a playlist on Sporcle, you need to verify the email address you used during registration. Go to your Sporcle Settings to finish the process.

Report this User

Report this user for behavior that violates our Community Guidelines.

Details: